| 000 | 00878nam0a22002651 4500 | ||
|---|---|---|---|
| 001 | rc\3001432 | ||
| 005 | 20250805160813.4 | ||
| 035 | _a(NLR Aleph) 007144563 | ||
| 090 |
_a7089490 _c7089490 |
||
| 100 | _a20110919d1945 |||y0rusy50 ca | ||
| 101 | 0 | _arus | |
| 102 | _aRU | ||
| 105 | _ay z ||||| | ||
| 200 | 1 | _aДжек Лондон. 1876-1916 | |
| 210 |
_aМосква _aЛенинград _cизд-во и ф-ка дет. книги Детгиза _d[1945] |
||
| 215 | _aс. 3-8 | ||
| 300 | _aВ кн.: Джек Лондон. Смок Белью. М.-Л., 1945, с. 3-8 | ||
| 700 | 1 |
_aЛенобль _bГ. М. _f-1964 _gГенрих Морисович |
|
| 801 | 0 |
_aRU _bNLR _gpsbo |
|
| 801 | 1 |
_aRU _bELAR _2rusmarc |
|
| 852 |
_aNLR _jДл02 Г-4/202 |
||
| 942 | _cBOOK | ||
| 945 | _aРоссийская национальная библиотека | ||
| 980 | _aNB | ||
| 980 | _aBV | ||